Belief-centred religious constructs, modern religious self-understanding, and interreligious relations: challenges for empirical inquiry
This article explores questions raised by the scholarly view that modern popular discourse about religion overemphasises the role of belief. It asks how this alleged overemphasis on belief might be investigated, especially with regard to its effects on religious self-understanding and interreligious...
| Subtitles: | How do we see each other? : Interdisciplinary studies of relations between Abrahamic religions |
|---|---|
| Main Author: | |
| Format: | Electronic Article |
| Language: | English |
| Check availability: | HBZ Gateway |
| Interlibrary Loan: | Interlibrary Loan for the Fachinformationsdienste (Specialized Information Services in Germany) |
| Published: |
[2017]
|
| In: |
Journal of beliefs and values
Year: 2017, Volume: 38, Issue: 3, Pages: 318-327 |
| Standardized Subjects / Keyword chains: | B
Science of Religion
/ Religiosity
/ Faith
/ Religious identity
/ Interfaith dialogue
|
| RelBib Classification: | AA Study of religion AG Religious life; material religion AX Inter-religious relations |
| Further subjects: | B
Belief
B religious constructs B Religious Discourse B interreligious prejudice |
| Online Access: |
Volltext (Publisher) |
MARC
| LEADER | 00000caa a22000002c 4500 | ||
|---|---|---|---|
| 001 | 1571413790 | ||
| 003 | DE-627 | ||
| 005 | 20190510231531.0 | ||
| 007 | cr uuu---uuuuu | ||
| 008 | 180326s2017 xx |||||o 00| ||eng c | ||
| 024 | 7 | |a 10.1080/13617672.2017.1317525 |2 doi | |
| 035 | |a (DE-627)1571413790 | ||
| 035 | |a (DE-576)501413790 | ||
| 035 | |a (DE-599)BSZ501413790 | ||
| 040 | |a DE-627 |b ger |c DE-627 |e rda | ||
| 041 | |a eng | ||
| 084 | |a 0 |2 ssgn | ||
| 100 | 1 | |a Barrett, Nathaniel F. |e VerfasserIn |4 aut | |
| 109 | |a Barrett, Nathaniel F. |a Barrett, Nathaniel | ||
| 245 | 1 | 0 | |a Belief-centred religious constructs, modern religious self-understanding, and interreligious relations |b challenges for empirical inquiry |c Nathaniel F. Barrett (Institute for Culture and Society, University of Navarra, Pamplona, Spain) |
| 246 | 1 | |i Rubrikentitel |a How do we see each other? : Interdisciplinary studies of relations between Abrahamic religions | |
| 264 | 1 | |c [2017] | |
| 336 | |a Text |b txt |2 rdacontent | ||
| 337 | |a Computermedien |b c |2 rdamedia | ||
| 338 | |a Online-Ressource |b cr |2 rdacarrier | ||
| 520 | |a This article explores questions raised by the scholarly view that modern popular discourse about religion overemphasises the role of belief. It asks how this alleged overemphasis on belief might be investigated, especially with regard to its effects on religious self-understanding and interreligious relations. In an effort to stimulate discussion and empirical inquiry, this article provides an initial definition of "belief-centred religious constructs" and suggests that the use of these constructs is context-sensitive, tending to become more prevalent in situations marked by conditions of religious pluralism. | ||
| 601 | |a Challenger | ||
| 650 | 4 | |a Belief | |
| 650 | 4 | |a interreligious prejudice | |
| 650 | 4 | |a religious constructs | |
| 650 | 4 | |a Religious Discourse | |
| 652 | |a AA:AG:AX | ||
| 689 | 0 | 0 | |d s |0 (DE-588)4049426-3 |0 (DE-627)106187058 |0 (DE-576)209082003 |2 gnd |a Religionswissenschaft |
| 689 | 0 | 1 | |d s |0 (DE-588)4049428-7 |0 (DE-627)10618704X |0 (DE-576)209082011 |2 gnd |a Religiosität |
| 689 | 0 | 2 | |d s |0 (DE-588)4071867-0 |0 (DE-627)104707917 |0 (DE-576)209185139 |2 gnd |a Glaube |
| 689 | 0 | 3 | |d s |0 (DE-588)4354651-1 |0 (DE-627)181259605 |0 (DE-576)211562815 |2 gnd |a Religiöse Identität |
| 689 | 0 | 4 | |d s |0 (DE-588)4192352-2 |0 (DE-627)105235164 |0 (DE-576)210079924 |2 gnd |a Interreligiöser Dialog |
| 689 | 0 | |5 (DE-627) | |
| 773 | 0 | 8 | |i Enthalten in |t Journal of beliefs and values |d Abingdon : Routledge, 1980 |g 38(2017), 3, Seite 318-327 |h Online-Ressource |w (DE-627)320634914 |w (DE-600)2024386-8 |w (DE-576)094752656 |x 1469-9362 |7 nnas |
| 773 | 1 | 8 | |g volume:38 |g year:2017 |g number:3 |g pages:318-327 |
| 856 | 4 | 0 | |u https://doi.org/10.1080/13617672.2017.1317525 |x Verlag |3 Volltext |7 1 |
| 951 | |a AR | ||
| ELC | |a 1 | ||
| ITA | |a 1 |t 1 | ||
| LOK | |0 000 xxxxxcx a22 zn 4500 | ||
| LOK | |0 001 3004269325 | ||
| LOK | |0 003 DE-627 | ||
| LOK | |0 004 1571413790 | ||
| LOK | |0 005 20190517092705 | ||
| LOK | |0 008 180326||||||||||||||||ger||||||| | ||
| LOK | |0 040 |a DE-Tue135 |c DE-627 |d DE-Tue135 | ||
| LOK | |0 092 |o n | ||
| LOK | |0 852 |a DE-Tue135 | ||
| LOK | |0 852 1 |9 00 | ||
| LOK | |0 935 |a ixzs |a ixzo | ||
| LOK | |0 936ln |0 1442042966 |a AA | ||
| LOK | |0 936ln |0 1442043253 |a AX | ||
| LOK | |0 936ln |0 1442043229 |a AG | ||
| LOK | |0 939 |a 26-03-18 |b l01 | ||
| ORI | |a SA-MARC-ixtheoa001.raw | ||
| REL | |a 1 | ||
| STA | 0 | 0 | |a Faith,Faith,Belief in God,Interfaith dialogue,Interreligious relations,Interreligious dialog,Interreligious encounter,Religiosity,Religious identity,Religious identity,Identity,Science of Religion,Religious studies,Religionswissenschaft,Religions |
| STB | 0 | 0 | |a Dialogue interreligieux,Dialogue interreligieux,Foi,Foi,Identité religieuse,Identité religieuse,Religiosité,Science des religions |
| STC | 0 | 0 | |a Ciencias de la religión,Diálogo interreligioso,Diálogo inter-religioso,Fe,Fe,Identidad religiosa,Identidad religiosa,Religiosidad |
| STD | 0 | 0 | |a Dialogo interreligioso,Dialogo interreligioso,Fede,Fede,Identità religiosa,Identità religiosa,Religiosità,Scienze religiose |
| STE | 0 | 0 | |a 信念,信念,信心,信德,信心,信德,宗教学,宗教性,宗教身份,宗教认同,宗教间关系 |
| STF | 0 | 0 | |a 信念,信念,信心,信德,信心,信德,宗教學,宗教性,宗教身份,宗教認同,宗教間關係 |
| STG | 0 | 0 | |a Ciências da religião,Diálogo inter-religioso,Diálogo inter-religioso,Fé,Fé,Identidade religiosa,Identidade religiosa,Religiosidade |
| STH | 0 | 0 | |a Вера (мотив),Вера,Межрелигиозный диалог,Религиоведение,Религиозная личность (мотив),Религиозное сознание,Религиозность |
| STI | 0 | 0 | |a Διαθρησκειακός διάλογος,Θρησκειολογία,Θρησκευτική ταυτότητα (μοτίβο),Θρησκευτική ταυτότητα,Θρησκευτικότητα,Πίστη (μοτίβο),Πίστη |
| SUB | |a REL | ||
| SYG | 0 | 0 | |a Religious studies,Religionsphilosophie,Scholasticism,Scholastik,Theologie,Theology,Religionsforschung , Religiösität,Religiösität , Glauben,Gottesglaube,Überzeugung , Religiöses Bewusstsein , Interreligiöse Beziehung,Interreligiöse Begegnung,Interreligiöser Kontakt,Religionskontakt |



